[Event "Swiss Queens Wed #3"]
[Site "FIDE Online Arena INT"]
[Date "2024.02.14"]
[Round "2"]
[White "Maltsevskaya, Aleksandra"]
[Black "Tripurambika, V."]
[Result "1-0"]
[WhiteElo "2374"]
[BlackElo "1329"]
[PlyCount "85"]
[EventDate "2024.02.14"]
[EventType "swiss (blitz)"]
[EventRounds "11"]
[EventCountry "NET"]
[SourceTitle "CB08_2024"]
[SourceDate "2024.02.21"]
[SourceVersion "1"]
[SourceVersionDate "2024.02.21"]
[SourceQuality "1"]

1. e4 c5 2. Nf3 g6 3. d4 cxd4 4. Nxd4 Nc6 5. Be3 Bg7 6. c4 Nf6 7. Nc3 0-0 8. f3 d6 9. Be2 a6 10. 0-0 Bd7 11. Qd2 Rc8 12. Rfd1 Qa5 13. Nxc6 Bxc6 14. Nd5 Qd8 15. Rac1 Bxd5 16. cxd5 Qd7 17. b3 h5 18. h4 Nh7 19. Rxc8 Rxc8 20. Rc1 Bf6 21. g3 Be5 22. Kg2 f5 23. exf5 Qxf5 24. Bd3 Qd7 25. Bxg6 Kg7 26. Bxh7 Kxh7 27. Rxc8 Qxc8 28. Qd3+ Kg7 29. Bg5 e6 30. f4 Ba1 31. Qd1 Bb2 32. Qe2 e5 33. Qxb2 Qc5 34. Qd2 b5 35. f5 e4 36. Be3 Qa3 37. Bd4+ Kf7 38. Kh3 a5 39. Qh6 Qxa2 40. Qe6+ Kf8 41. f6 Qb1 42. Qe7+ Kg8 43. Qg7# 1-0

[Event "Swiss Queens Wed #3"]
[Site "FIDE Online Arena INT"]
[Date "2024.02.14"]
[Round "6"]
[White "Vifleemskaia, Svetlana"]
[Black "Tripurambika, V."]
[Result "1/2-1/2"]
[WhiteElo "1903"]
[BlackElo "1329"]
[PlyCount "52"]
[EventDate "2024.02.14"]
[EventType "swiss (blitz)"]
[EventRounds "11"]
[EventCountry "NET"]
[SourceTitle "CB08_2024"]
[SourceDate "2024.02.21"]
[SourceVersion "1"]
[SourceVersionDate "2024.02.21"]
[SourceQuality "1"]

1. d4 d5 2. c4 e6 3. Nc3 Nf6 4. cxd5 exd5 5. Bg5 Be7 6. e3 0-0 7. Qc2 c6 8. Bd3 h6 9. Bh4 Nbd7 10. Nge2 c5 11. 0-0 c4 12. Bf5 Nb6 13. a4 a5 14. Bg3 Be6 15. Bxe6 fxe6 16. Qg6 Bd6 17. Bxd6 Qxd6 18. Nb5 Qc6 19. Nbc3 Nh7 20. Nf4 Rf6 21. Qg4 Raf8 22. h4 Nd7 23. Nh5 R6f7 24. Nf4 Rf6 25. Nh5 R6f7 26. Nf4 Rf6 1/2-1/2

[Event "Swiss Queens Wed #2"]
[Site "FIDE Online Arena INT"]
[Date "2024.02.07"]
[Round "4"]
[White "Tripurambika, V."]
[Black "Aliaga Fernandez, Ingrid Yadira"]
[Result "0-1"]
[WhiteElo "1329"]
[BlackElo "2147"]
[PlyCount "178"]
[EventDate "2024.02.07"]
[EventType "swiss (blitz)"]
[EventRounds "11"]
[EventCountry "NET"]
[SourceTitle "CB07_2024"]
[SourceDate "2024.02.14"]
[SourceVersion "1"]
[SourceVersionDate "2024.02.14"]
[SourceQuality "1"]

1. d4 d5 2. Nc3 Nf6 3. Bf4 a6 4. e3 e6 5. Nf3 c5 6. a4 Nc6 7. Be2 cxd4 8. exd4 Bb4 9. Bd2 Ne4 10. 0-0 Bxc3 11. Bxc3 Nxc3 12. bxc3 0-0 13. Qd2 h6 14. Rad1 Bd7 15. c4 Ne7 16. cxd5 Nxd5 17. c4 Nf6 18. Qa2 Qa5 19. Ra1 Rfc8 20. Ne5 Be8 21. Rfb1 Rc7 22. Bf3 Rb8 23. g3 g6 24. Bg2 Kg7 25. Qa3 Rd8 26. Qe3 b6 27. Rb2 Rd6 28. Rbb1 Bxa4 29. c5 bxc5 30. dxc5 Qxc5 31. Rxa4 Qxe3 32. fxe3 Rc5 33. Ng4 Nh7 34. Nf2 Rd2 35. Ne4 Rb5 36. Rxb5 axb5 37. Rb4 Re2 38. Rxb5 Rxe3 39. Kf2 Ra3 40. Rb7 Ra2+ 41. Kf3 Ra3+ 42. Kf2 Ra2+ 43. Kf1 Ra1+ 44. Ke2 Ra2+ 45. Nd2 Nf6 46. Kd3 Ra3+ 47. Kc2 Ra2+ 48. Rb2 Ra7 49. Be4 Rc7+ 50. Kd3 Ng4 51. h3 Nf2+ 52. Ke3 Nxh3 53. Kf3 Ng5+ 54. Ke3 Rc3+ 55. Ke2 Rxg3 56. Nf3 Nxe4 57. Ke3 Ng5 58. Kf4 Rxf3+ 59. Kg4 Rf5 60. Kh4 Ne4 61. Kh3 Nf6 62. Kh2 h5 63. Kg1 h4 64. Kg2 g5 65. Kh3 Kg6 66. Kh2 Rf3 67. Kh1 Ng4 68. Kg1 Rg3+ 69. Kh1 Rf3 70. Kg1 f5 71. Kh1 Rf1+ 72. Kg2 Rf2+ 73. Rxf2 Nxf2 74. Kxf2 g4 75. Kg1 h3 76. Kh1 Kg5 77. Kg1 e5 78. Kh1 e4 79. Kg1 e3 80. Kf1 e2+ 81. Kxe2 h2 82. Kf2 h1Q 83. Ke3 Qf3+ 84. Kd4 Qe4+ 85. Kc5 g3 86. Kb6 g2 87. Kb5 g1Q 88. Ka6 Qgb1 89. Ka7 Qa4# 0-1

[Event "Swiss Queens Wed #1"]
[Site "FIDE Online Arena INT"]
[Date "2024.01.31"]
[Round "1"]
[White "Maltsevskaya, Aleksandra"]
[Black "Tripurambika, V."]
[Result "1-0"]
[WhiteElo "2378"]
[BlackElo "1396"]
[PlyCount "61"]
[EventDate "2024.01.31"]
[EventType "swiss (blitz)"]
[EventRounds "11"]
[EventCountry "NET"]
[SourceTitle "CB06_2024"]
[SourceDate "2024.02.07"]
[SourceVersion "1"]
[SourceVersionDate "2024.02.07"]
[SourceQuality "1"]

1. e4 c5 2. Nf3 g6 3. d4 cxd4 4. Nxd4 Bg7 5. c4 Nc6 6. Be3 Nf6 7. Nc3 d6 8. f3 0-0 9. Be2 Qb6 10. Na4 Qa5+ 11. b4 Qd8 12. a3 a6 13. 0-0 Nd7 14. Rc1 h6 15. Qd2 Kh7 16. Rfd1 Nf6 17. Nxc6 bxc6 18. e5 Ne8 19. exd6 exd6 20. Nb6 Rb8 21. c5 d5 22. Bf4 Rb7 23. Nxc8 Qxc8 24. Bxa6 Nf6 25. b5 Qb8 26. Bxb8 Rbxb8 27. bxc6 Ra8 28. Bb7 Rab8 29. a4 Nh5 30. a5 Nf4 31. Qxf4 1-0